| 000 | 01341nam0a2200337 4500 | ||
|---|---|---|---|
| 001 | RU\NLR\BIBL_A\011538640 | ||
| 005 | 20260409065639.0 | ||
| 010 | _a978-5-9909093-1-1 | ||
| 021 |
_aRU _b2017-82748 _95907 |
||
| 035 | _a(RuMoRGB)009439393 | ||
| 035 | _a(NLR Aleph) 011538640 | ||
| 090 |
_a12183400 _c12183400 |
||
| 100 | _a20171124d2017 |||y0rusy50 ca | ||
| 101 | 0 | _aeng | |
| 102 | _aRU | ||
| 105 | _aa z 100zy | ||
| 200 | 1 |
_aProceedings of the Skoltech energy PhD seminar, 2016/2017 _fSkoltech (Skolkovo institute of science and technology) |
|
| 210 |
_a[Moscow] _cSkolkovo inst. of science and technology _d[2017] |
||
| 215 |
_a109 с. _cил., цв. ил. _d30 |
||
| 320 | _aБиблиогр. в конце докл. | ||
| 606 | 1 |
_aЭнергетика _jСборники _9919067 _3RU\NLR\AUTH\6617591 |
|
| 606 |
_aОптоэлектроника _jСборники _3RU\NLR\AUTH\6652305 _9983656 |
||
| 686 | 1 | _aЗ1я43 | |
| 686 | 1 | _aЗ854.3я43 | |
| 710 | 1 | 2 |
_7ba _8eng _aSkoltech energy PhD seminar _d1 _eMoscow region _f2016-2017 _9580857 _3RU\NLR\AUTH\880458978 |
| 830 | _aМатериалы исследований кандидатов наук Сколтеха по энергетике за 2016-2017гг. | ||
| 942 | _cBOOK | ||
| 980 | _aNB | ||